La responsabilidad por accidentes del trabajo
Uloženo v:
| Hlavní autor: | |
|---|---|
| Další autoři: | , , , , , , , |
| Médium: | Kniha |
| Jazyk: | španělština |
| Vydáno: |
Santiago, Chile
Universidad de los Andes. Facultad de Derecho
2005
|
| Vydání: | Primera edición |
| Edice: | Cuadernos de Extensión Jurídica,
10 |
| Témata: | |
| On-line přístup: | Disponible Online |
| Tagy: |
Přidat tag
Žádné tagy, Buďte první, kdo vytvoří štítek k tomuto záznamu!
|
MARC
| LEADER | 00000cam a2200000 a 4500 | ||
|---|---|---|---|
| 001 | UCC4299 | ||
| 003 | CL-VaPUC | ||
| 005 | 20250508142827.0 | ||
| 008 | 180727e20050000cl |||||||||||||||||spa|d | ||
| 999 | |c 371852 |d 371850 | ||
| 020 | |a 9567160333 | ||
| 040 | |c Pontificia Universidad Católica de Valparaíso | ||
| 082 | 0 | 4 | |a 344.83046 BAR 2005 |2 21 |
| 100 | 0 | |a Baraona González, Jorge |e autor |9 598467 | |
| 245 | 1 | 3 | |a La responsabilidad por accidentes del trabajo |
| 250 | |a Primera edición | ||
| 260 | 0 | 3 | |a Santiago, Chile |b Universidad de los Andes. Facultad de Derecho |c 2005 |
| 300 | |a 255 páginas | ||
| 490 | 0 | |a Cuadernos de Extensión Jurídica, |v 10 | |
| 505 | |a RESPONSABILIDAD CIVIL Y SEGURIDAD SOCIAL / RAMÓN DOMÍNGUEZ ÁGUILA LA CULPA DEL EMPRESARIO POR ACCIDENTES DEL TRABAJO: MODERNAS TENDENCIAS JURISPRUDENCIALES / JOSÉ LUIS DIEZ SCHWETER LA RESPONSABILIDAD SUBSIDIARIA DEL DUEÑO DE OBRA POR LOS ACCIDENTES Y DAÑOS EXPERIMENTADOS POR EL TRABAJADOR DEL CONTRATISTA / PEDRO ZELAYA ETCHEGARAY LA CULPA DE LA VÍCITMA EN LOS ACCIDENTES DEL TRABAJO: DOGMÁTICA Y JURISPRUDENCIA CHILENAS / JORGE BARAONA GONZÁLEZ MÉTODOS DE CÁLCULO DEL LUCRO CESANTE POR DAÑO FÍSICO / FABIÁN ELORRIAGA DE BONIS EL DAÑO MORAL POR MUERTE O LESIONES EN LA JURISPRUDENCIA, CON PARTICULAR REFERENCIA A LOS ACCIDENTES DEL TRABAJO / HERNÁN CORRAL TALCIANI LA COMPETENCIA JUDICIAL EN LOS ACCIDENTES DEL TRABAJO Y EL DERECHO DE LOS JUSTICIABLES FRENTE AL CAMBIO DE LA JURISPRUDENCIA / ALEJANDRO ROMERO SEGUEL LA COBERTURA DEL SEGURO DE RESPONSABILIDAD CIVIL PATRONAL: ASPECTOS PRÁCTICOS RELEVANTES / JORGE PAREDES ORTIZ | ||
| 583 | |a last modification |c 20180727 12:54:00 |k Rodrigo Vera | ||
| 650 | 0 | |a Accidentes de trabajo |9 254901 | |
| 650 | 0 | |a Prevención de accidentes |9 262912 | |
| 650 | 0 | |a Derecho y legislación |9 255077 | |
| 700 | 0 | |a Zelaya Etchegaray, Pedro |e autor |9 598468 | |
| 700 | |a Domínguez Aguila, Ramón Horacio |e autor |9 620278 | ||
| 700 | 0 | |a Piña Rochefort, Juan Ignacio |e autor |9 598470 | |
| 700 | 0 | |a Diez Schwerter, José Luis |e autor |9 598471 | |
| 700 | |a Elorriaga de Bonis, Fabián |e autor |9 815953 | ||
| 700 | |a Corral Talciani, Hernán Felipe |e autor |9 555485 | ||
| 700 | 0 | |a Romero Seguel, Alejandro |e autor |9 598473 | |
| 700 | |a Paredes Ortiz, Jorge |e autor |9 772013 | ||
| 856 | |u https://www.uandes.cl/wp-content/uploads/2019/03/Cuaderno-de-Extensi%C3%B3n-Jur%C3%ADdica-N%C2%B0-10-La-Responsabilidad-por-Accidentes-del-Trabajo.pdf |y Disponible Online | ||
| 942 | |c BK |2 ddc | ||
| 945 | |d 20180727 12:54:00 |a dcastane | ||
| 952 | |0 0 |1 0 |2 ddc |3 erb |4 0 |6 344_830460000000000_BAR_2005 |7 0 |8 A |9 489049 |a BIBDER |b BIBDER |e Mateluna Arestizabal, Alfredo Sergio |i 5482984 |l 2 |m 4 |o 344.83046 BAR 2005 |p 5482984 |r 2023-12-12 |s 2023-11-21 |t 1 |w 2019-11-24 |y BK |z Catalogado en:20180727 |k DER | ||